Cities of the World - Level: Vital - Estadísticas

Estadísticas generales
  • Esta prueba ha sido intentada 47 veces
  • La puntuación promedio es 15 de 22
Estadísticas de respuestas
Hint Respuesta % Correcto
Europe Berlin
98%
Europe Paris
98%
Europe London
95%
Asia Tokyo
93%
Asia Beijing
90%
Europe Moscow
90%
Europe Rome
83%
America New York
81%
America Buenos Aires
74%
America Los Angeles
74%
Asia New Delhi
69%
America Bogota
64%
Africa Cairo
62%
America Rio de Jainero
62%
Asia Bangkok
57%
America São Paulo
57%
Asia Seoul
52%
Asia Shanghai
52%
Asia Dubai
40%
Europe Istambul
40%
America Mexico D.F.
29%
Asia Bagdad
21%
No se encontraron pruebas coincidentes
Distribución de puntuación
Porcentaje de gente con cada puntuación
Porcentaje por número respondido
Historial de tus puntuaciones
No has intentado esta prueba.